Turkish comparatives the status and semantic contribution on the adverb daha and beyond /
Elmentve itt :
| Szerző: | |
|---|---|
| Testületi szerző: | |
| Dokumentumtípus: | Könyv része |
| Megjelent: |
2012
|
| Sorozat: | Studia uralo-altaica
49 The Szeged Conference : proceedings of the 15th International Conference on Turkish Linguistics held on August 20-22, 2010 in Szeged 49 |
| Kulcsszavak: | Török nyelvek |
| Tárgyszavak: | |
| Online Access: | http://acta.bibl.u-szeged.hu/16704 |
| LEADER | 00961naa a2200229 i 4500 | ||
|---|---|---|---|
| 001 | acta16704 | ||
| 005 | 20220118151610.0 | ||
| 008 | 161015s2012 hu o 0|| eng d | ||
| 022 | |a 0133-4239 | ||
| 040 | |a SZTE Egyetemi Kiadványok Repozitórium |b hun | ||
| 041 | |a eng | ||
| 100 | 1 | |a Hofstetter Stefan | |
| 245 | 1 | 0 | |a Turkish comparatives |h [elektronikus dokumentum] : |b the status and semantic contribution on the adverb daha and beyond / |c Hofstetter Stefan |
| 260 | |c 2012 | ||
| 300 | |a 231-242 | ||
| 490 | 0 | |a Studia uralo-altaica |v 49 | |
| 490 | 0 | |a The Szeged Conference : proceedings of the 15th International Conference on Turkish Linguistics held on August 20-22, 2010 in Szeged |v 49 | |
| 650 | 4 | |a Bölcsészettudományok | |
| 650 | 4 | |a Nyelvek és irodalom | |
| 695 | |a Török nyelvek | ||
| 710 | |a International Conference on Turkish Linguistics (15.) (2010) (Szeged) | ||
| 856 | 4 | 0 | |u http://acta.bibl.u-szeged.hu/16704/1/altaica_049_231-242.pdf |z Dokumentum-elérés |